Statistiques concernant Harry Potter: les Dragées surprises de Bertie Crochue

Cliquez ici pour prendre le quiz!

Statistiques générales

  • Ce quiz a été pris 63 fois
    (60 depuis la dernière actualisation)
  • Le résultat moyen est 15 sur 77

Statistiques - réponses

InformationRéponses% Correct
Première apparitionHarry Potter à l'école des sorciers
100%
InventriceBertie Crochue
86%
Goût connuCrotte de nez
86%
Dernière apparitionHarry Potter et la Coupe de Feu
86%
Dernière mentionHarry Potter et les Reliques de la Mort
86%
Goût connuFraise
64%
Goût connuPoubelle
64%
Goût connuChocolat
61%
Goût connuVomi
54%
Goût connuBanane
43%
Goût connuCaramel
43%
Goût connuCitron
39%
Goût connuChaussettes sales
36%
Goût connuCire d'oreille
36%
Goût connuOrange
36%
Goût connuHerbe
32%
Goût connuPomme
29%
Goût connuCerise
25%
Goût connuEpinards
25%
Goût connuCitrouille
21%
Goût connuAmande
18%
Goût connuCafé
18%
Goût connuCannelle
18%
Goût connuMyrtilles
18%
Goût connuBacon
14%
Goût connuBarbe à Papa
14%
Goût connuBrocoli
14%
Goût connuChou-fleur
14%
Goût connuCornichon
14%
Goût connuSaucisse
14%
Goût connuTripes
14%
Goût connuAubergine
11%
Goût connuBouillabaisse
11%
Goût connuCaramel au Beurre Salé
11%
Goût connuChampignon
11%
Goût connuChewing-gum
11%
Goût connuChou à la crème
11%
Goût connuChou trop cuit
11%
Goût connuCitron vert
11%
Goût connuCrevette
11%
Goût connuCurry
11%
Goût connuEclair
11%
Goût connuFromage
11%
Goût connuGelée de raisins
11%
Goût connuPastèque
11%
Goût connuPiment
11%
Goût connuSavon
11%
Goût connuGlue
7%
Goût connuHomard
7%
Goût connuJambon
7%
Goût connuSang de gobelin
7%
Goût connuTomate
7%
Goût connuFoie et tripes
4%
Goût connuGlace fraise / beurre de cacahuète
4%
Goût connuLimonade
4%
Goût connuLotion
4%
Goût connuMarshmallow
4%
Goût connuMenthe poivrée
4%
Goût connuMorve de troll
4%
Goût connuMoules
4%
Goût connuNoix de coco
4%
Goût connuNourriture pour chien
4%
Goût connuOlive
4%
Goût connuPamplemousse
4%
Goût connuPoivre noir
4%
Goût connuPomme de terre
4%
Goût connuPopcorn
4%
Goût connuSardine
4%
Goût connuSaumon
4%
Goût connuTerre
4%
Goût connuTutti-Frutti
4%
Goût connuPeluche de nombril
0%
Goût connuPoudre de piment
0%
Goût connuRagoût de bœuf
0%
Goût connuTarte aux myrtilles
0%
Goût connuViolette
0%
Goût connuXérès
0%

Distribution des résultats

Percentile par nombre de réponses

% des personnes avec chaque résultat

Votre développement - résultats

Vous n’avez pas pris ce quiz depuis la dernière actualisation